000 03470nam a2200457 i 4500
001 ebr10800545
003 CaPaEBR
006 m o d
007 cr cn|||||||||
008 130624t20132013njua obf 001 0 eng|d
020 _z9781617110511 (alk. paper)
020 _a9781617119545 (e-book)
040 _aCaPaEBR
_beng
_erda
_epn
_cCaPaEBR
035 _a(OCoLC)868980070
050 1 4 _aRC804.E6
_bJ64 2013eb
082 0 4 _a616.3/307545
_223
245 0 4 _aThe John Hopkins manual for GI endoscopic nurses /
_ceditors, Mouen Khashab, Toshunia Robinson, Anthony Kalloo.
246 1 _aManual for GI endoscopic nurses
250 _aThird edition.
264 1 _aThorofare, NJ :
_bSlack Incorporated,
_c[2013]
264 4 _c�2013
300 _a1 online resource (260 pages) :
_bcolor illustrations
336 _atext
_2rdacontent
337 _acomputer
_2rdamedia
338 _aonline resource
_2rdacarrier
500 _aPreceded by: Johns Hopkins manual of gastrointestinal endoscopy procedures / Jeanette Ogilvie, Lisa M. Hicks, Anthony N. Kalloo. 2nd ed. c2008.
504 _aIncludes bibliographical references and index.
520 _a"This manual features up-to-date guides to new endoscopic procedures and techniques, such as fiducial placement, balloon-assisted enteroscopy, Barrett's ablation, Spyglass cholangioscopy, and pancreatoscopy. Additional chapters cover on sedation, antibiotic prophylaxis, disinfection, and management of the anticoagulated patient. Endoscopy nurses, gastroenterology fellows, and gastroenterology practitioners alike can use The Johns Hopkins Manual for GI Endoscopic Nurses, Third Edition's endoscopic preparation regimens to facilitate the correct instruction of patients, reducing the likelihood of unsuccessful procedures. Dr. Kalloo also provides the definitions and indications for both common and advanced endoscopic procedures along with listings of necessary equipment. The Johns Hopkins Manual for GI Endoscopic Nurses, Third Edition outlines nursing care before, during, and after endoscopic procedures. General guidelines for moderate sedation and equipment disinfection and sterilization are discussed, as well as special considerations for patients with specific medical conditions who are undergoing endoscopy. This concise text is easy to read and comprehend, and photographs and illustrations replace cumbersome long descriptions, making this the ideal reference for a nurse on the go"--Provided by publisher.
588 _aDescription based on print version record.
590 _aElectronic reproduction. Palo Alto, Calif. : ebrary, 2013. Available via World Wide Web. Access may be limited to ebrary affiliated libraries.
650 0 _aEndoscopy
_xMethodology
_vHandbooks, manuals, etc.
650 0 _aGastrointestinal system
_xDiseases
_xNursing
_vHandbooks, manuals, etc.
655 0 _aElectronic books.
700 1 _aKhashab, Mouen.
700 1 _aRobinson, Toshunia.
700 1 _aKalloo, Anthony,
_d1955-
700 1 _iPreceded by (work):
_aOgilvie, Jeanette,
_d1949-
_tJohns Hopkins manual of gastrointestinal endoscopy procedures.
776 0 8 _iPrint version:
_tJohn Hopkins manual for GI endoscopic nurses.
_dThorofare, NJ : Slack Incorporated, [2013]
_hxxii, 233 pages
_z9781617110511
_w(DNLM)101611069
_w(DLC) 2013025715
797 2 _aebrary.
856 4 0 _uhttp://site.ebrary.com/lib/rucke/Doc?id=10800545
_zAn electronic book accessible through the World Wide Web; click to view
999 _c140433
_d140433